All Pokémon with Damp - Statistics

General Stats
  • This quiz has been taken 6 times
  • The average score is 15 of 20
Answer Stats
(Avail)ability Pokémon % Correct
Hidden Ability Marshtomp
100%
Hidden Ability Mudkip
100%
Hidden Ability Paras
100%
Hidden Ability Parasect
100%
Second Ability Politoed
100%
Second Ability Poliwag
100%
Second Ability Poliwhirl
100%
Second Ability Poliwrath
100%
First Ability Quagsire
100%
Hidden Ability Swampert
100%
First Ability Wooper
100%
Hidden Ability Frillish
67%
First Ability Golduck
67%
Hidden Ability Jellicent
67%
First Ability Psyduck
67%
Hidden Ability Bellibolt
33%
Hidden Ability Horsea
33%
Hidden Ability Kingdra
33%
Hidden Ability Seadra
33%
Hidden Ability Tadbulb
33%
No matching quizzes found
Score Distribution
Percent of People with Each Score
Percentile by Number Answered
Your Score History
You have not taken this quiz